<?xml version="1.0" encoding="UTF-8"?><?xml-stylesheet type="text/xsl" href="static/style.xsl"?><OAI-PMH xmlns="http://www.openarchives.org/OAI/2.0/" xmlns:xsi="http://www.w3.org/2001/XMLSchema-instance" xsi:schemaLocation="http://www.openarchives.org/OAI/2.0/ http://www.openarchives.org/OAI/2.0/OAI-PMH.xsd"><responseDate>2026-04-17T15:08:20Z</responseDate><request verb="GetRecord" identifier="oai:riubu.ubu.es:10259/7474" metadataPrefix="marc">https://riubu.ubu.es/oai/request</request><GetRecord><record><header><identifier>oai:riubu.ubu.es:10259/7474</identifier><datestamp>2024-07-25T07:48:37Z</datestamp><setSpec>com_10259_9476</setSpec><setSpec>com_10259.4_106</setSpec><setSpec>com_10259_2604</setSpec><setSpec>com_10259_4323</setSpec><setSpec>com_10259_5086</setSpec><setSpec>col_10259_9477</setSpec><setSpec>col_10259_4330</setSpec></header><metadata><record xmlns="http://www.loc.gov/MARC21/slim" xmlns:doc="http://www.lyncode.com/xoai" xmlns:xsi="http://www.w3.org/2001/XMLSchema-instance" xmlns:dcterms="http://purl.org/dc/terms/" xsi:schemaLocation="http://www.loc.gov/MARC21/slim http://www.loc.gov/standards/marcxml/schema/MARC21slim.xsd">
<leader>00925njm 22002777a 4500</leader>
<datafield tag="042" ind1=" " ind2=" ">
<subfield code="a">dc</subfield>
</datafield>
<datafield tag="720" ind1=" " ind2=" ">
<subfield code="a">Aguilar Cuesta, Nuria</subfield>
<subfield code="e">author</subfield>
</datafield>
<datafield tag="720" ind1=" " ind2=" ">
<subfield code="a">Barros García, Rocío</subfield>
<subfield code="e">author</subfield>
</datafield>
<datafield tag="720" ind1=" " ind2=" ">
<subfield code="a">Tamayo Ramos, Juan Antonio</subfield>
<subfield code="e">author</subfield>
</datafield>
<datafield tag="720" ind1=" " ind2=" ">
<subfield code="a">Martel Martín, Sonia</subfield>
<subfield code="e">author</subfield>
</datafield>
<datafield tag="720" ind1=" " ind2=" ">
<subfield code="a">Bol Arreba, Alfredo</subfield>
<subfield code="e">author</subfield>
</datafield>
<datafield tag="720" ind1=" " ind2=" ">
<subfield code="a">Atilhan, Mert</subfield>
<subfield code="e">author</subfield>
</datafield>
<datafield tag="720" ind1=" " ind2=" ">
<subfield code="a">Aparicio Martínez, Santiago</subfield>
<subfield code="e">author</subfield>
</datafield>
<datafield tag="260" ind1=" " ind2=" ">
<subfield code="c">2022-12</subfield>
</datafield>
<datafield tag="520" ind1=" " ind2=" ">
<subfield code="a">A theoretical study using Density Functional Theory and classical Molecular Dynamics simulations for the&#xd;
study of carbon nanomaterials in archetypical Menthol + Thymol Type V Natural Deep Eutectic Solvent is&#xd;
reported. The nanoscopic structure of the representative nanofluid is analyzed considering confinement,&#xd;
adsorption and solvation effects, as well as consequences on diffusion properties through nano pores.&#xd;
Different types of nanomaterials were considered such as fullerenes, nanotubes, graphene and nanopores.&#xd;
The study of nanoscopic properties allowed to analyze the response of the solvent to the presence of the&#xd;
nanomaterials, taking into account solvent rearrangement and confinement in nanocavities and surfaces.&#xd;
This response shows liquid structure and mobility consequences, with a sort of nano-Venturi effect&#xd;
among them. The reported results provide for the first time a characterization of this type of natural solvents as a sustainable platform for the development of carbon – nanomaterials-based technologies.</subfield>
</datafield>
<datafield tag="024" ind2=" " ind1="8">
<subfield code="a">0167-7322</subfield>
</datafield>
<datafield tag="024" ind2=" " ind1="8">
<subfield code="a">http://hdl.handle.net/10259/7474</subfield>
</datafield>
<datafield tag="024" ind2=" " ind1="8">
<subfield code="a">10.1016/j.molliq.2022.120637</subfield>
</datafield>
<datafield ind1=" " ind2=" " tag="653">
<subfield code="a">Natural Deep Eutectic solvents</subfield>
</datafield>
<datafield ind1=" " ind2=" " tag="653">
<subfield code="a">Carbon nanomaterials</subfield>
</datafield>
<datafield ind1=" " ind2=" " tag="653">
<subfield code="a">Graphene</subfield>
</datafield>
<datafield ind1=" " ind2=" " tag="653">
<subfield code="a">Modelling</subfield>
</datafield>
<datafield ind1=" " ind2=" " tag="653">
<subfield code="a">Adsorption</subfield>
</datafield>
<datafield ind1=" " ind2=" " tag="653">
<subfield code="a">Confinement</subfield>
</datafield>
<datafield tag="245" ind1="0" ind2="0">
<subfield code="a">Carbon nanomaterials with Thymol + Menthol Type V natural deep eutectic solvent: From surface properties to nano-Venturi effect through nanopores</subfield>
</datafield>
</record></metadata></record></GetRecord></OAI-PMH>